01018nam a22002537a 450000500170000000800410001702000180005802000180007604000410009404100080013510000310014324501530017425000100032726000620033730000180039949000530041750400410047065000600051165100410057165100520061270000210066470000350068571000440072020251112102223.0251112t ||||| |||| 00| 0 spa d a9786289637182 a9786289637199 aCO-BoUCMcDavid MorenodDavid Moreno aspa1 aPrado Arellano, Luis Ervin10aDiarios de la guerra del sur en la Independencia de Colombia 1819–1822cLuis Ervin Prado Arellano, Roger Pita Pico, David Fernando Prado Valencia. a1a.Ed aBogotá, ColombiabAcademia Colombiana de Historiac2025 a669 páginas1 aBiblioteca de Historia Nacional; núm. CLXXXIII aIncluye referencias bibliográficas14aGuerra del Sur (Colombia) xHistoria militarySiglo XIX14aCauca (Colombia) vFuentesxHistoria14aColombiaxHistoriayIndependencia, 1810–1822.1 aPita Pico, Roger1 aPrado Valencia, David Fernando2 aAcademia Colombiana de Historiaeeditor